Joueurs passés par le Real Madrid - Statistiques

Statistiques générales
  • Ce quiz a été pris 323 fois
  • Le résultat moyen est 9 sur 15
Answers on the Grid
Answers color-coded by a green-red scale on the quiz's grid according to % correct below.
Cristiano Ronaldo
Raphaël Varane
Didier Drogba
Frank Ribéry
Lucas Hernandez
Pedri
Rodri
Alvaro Morata
Ferenc Puskas
Koke
Karim Benzema
Angel Di Maria
Ethan Mbappe
Gonçalo Ramos
Jesús Vallejo
Mariano Diaz
Nabil Fékir
Sergio Ramos
Dean Huijsen
Romelu Lukaku
Thorgan Hazard
Cole Palmer
Mikel Merino
Thibault Courtois
Lucas Vazquez
Theo Hernandez
Paul Pogba
Achraf Hakimi
Martin Zubimendi
Jorge Cestero
 
Statistiques - réponses
Réponse % Correct
Cristiano Ronaldo
99%
Raphaël Varane
95%
Angel Di Maria
66%
Karim Benzema
64%
Alvaro Morata
62%
Sergio Ramos
61%
Thibault Courtois
61%
Achraf Hakimi
59%
Dean Huijsen
58%
Lucas Vazquez
58%
Mariano Diaz
56%
Ferenc Puskas
54%
Theo Hernandez
51%
Jesús Vallejo
50%
Jorge Cestero
32%
Aucun quiz correspondant
Distribution des résultats
% des personnes avec chaque résultat
Percentile par nombre de réponses
Votre historique - résultats
Vous n’avez pas pris ce quiz